Quiz sur Oliver Heldens (EDM) - Statistiques

Statistiques générales
  • Ce quiz a été pris 5 fois
  • Le résultat moyen est 6 sur 10
Statistiques - réponses
Question Réponse % Correct
En quelle année est-il né ? 1995
80%
Il est élu "révélation de l'année" de ce magazine en 2014 DJ mag
80%
Nom du titre qui lui permet de se faire repérer par Tiesto en 2013 (c'est aussi le nom d'un reptile) Gecko
80%
Quelle est sa nationalité ? Néerlandaise
80%
Quel est le nom du label qu'il crée en 2015? Heldeep records
60%
Pseudonyme qu'il prend lorsqu'il sort des titres un peu plus de style techno plus "underground" HILO
60%
"..." 's final rave (musicien classique qu'il remixe en 2024) Mozart
60%
Grand festival américain auquel il a participé en mars 2024 Ultra (Miami)
60%
Titre de la chanson d'une chanteuse française des années 90 qu'il a remixé Désenchantée
40%
Ville portuaire dans laquelle il est né Rotterdam
40%
Aucun quiz correspondant
Distribution des résultats
% des personnes avec chaque résultat
Percentile par nombre de réponses
Votre historique - résultats
Vous n’avez pas pris ce quiz